| 000 | 00592nam a2200217Ia 4500 | ||
|---|---|---|---|
| 008 | 180620s9999 xx 000 0 und d | ||
| 020 | _a974-8279-72-3 | ||
| 050 | _aREF Z 678 | ||
| 050 | _b.P96 2000 | ||
| 100 | _aPymm, Bob. | ||
| 245 | 0 | _aLearn library management / | |
| 245 | 0 | _cBob Pymm. | |
| 260 | _aBangkok, Thailand : | ||
| 260 | _bBook Promotion & Service Co., Ltd. | ||
| 260 | _c1999 | ||
| 300 | _a164 pages : | ||
| 300 | _c30 cm. | ||
| 440 | _aLibrary Education Series | ||
| 500 | _aIncludes bibliographical references and index. | ||
| 650 | _aLibrary administration. | ||
| 999 |
_c358060 _d358060 |
||